Arena Breakout: Infinite knowledge - Statistics

General Stats
  • This quiz has been taken 29 times
  • The average score is 8 of 15
Answer Stats
Hint Answer % Correct
Bodypart that kills you instantly if broken head/thorax
100%
"The meta" gun of S4 U191
75%
Farm boss Ajax/Hecate
71%
The starting weapon AK-74
67%
Strategy where you shoot the enemy in their unarmored parts legmeta
58%
When was TV-Station added S1
58%
What is the in game area called Dark Zone
50%
Item that contains information about a laboratory under the Television center Secret Document
46%
When was small Armory an official map S0
42%
Red tier item added in the Cyberpunk collab Caliburn model
38%
Who sometimes sells you expensive stuff for cheaper Deke Vinson
38%
Name of the tier-5 6.8mm ammunition DVC-12
38%
Real name of the motocross helmet IND70
33%
How much do you have to pay for the largest secure case it's free
29%
Doss' token handmade gold
13%
No matching quizzes found
Score Distribution
Percent of People with Each Score
Percentile by Number Answered
Your Score History
You have not taken this quiz